000 00795nam a2200265 i 4500
001 bg
100 1 _aAndrzejewski, Piotr
_d(1955-2009).
245 1 0 _aMedia relations :
_bbudowanie reputacji firmy /
_cPiotr Andrzejewski, Wiesław Kot.
260 _aWarszawa :
_b"Poltext",
_c2002.
300 _a162, [1] s. :
_bil. ;
_c24 cm.
490 1 _aWarsztaty Menedżerskie
504 _aBibliogr.
650 9 _aPublic relations
655 _aPoradniki
700 1 _aKOT, Wiesław
_d(1959- )
830 _aWarsztaty Menedżerskie
020 _a8388840169
040 _cBPK
041 0 _apl
080 _a659.4(083.1)
920 _a83-88840-16-9
942 _cKS
008 s pl f |000 0 pol
999 _c41746
_d41746
856 _uhttp://koha.tu.koszalin.pl/cgi-bin/koha/opac-detail.pl?biblionumber=41746
_yKatalog online BPK